| 000 | 01597cam a22003977a 4500 | ||
|---|---|---|---|
| 999 |
_c29126 _d29097 |
||
| 001 | 13973788 | ||
| 003 | EG-ScBUE | ||
| 005 | 20210531095951.0 | ||
| 008 | 050518t2005 nyua f d 001 0 eng d | ||
| 020 | _a0471697044 | ||
| 035 | _a(OCoLC)ocm57496506 | ||
| 040 |
_aVYR _beng _erda _cVYR _dOCLCQ _dDLC _dEG-ScBUE |
||
| 082 | 0 | 4 |
_a005.133 _bHOR _222 |
| 100 | 1 |
_aHorstmann, Cay S., _d1959- _eauthor. _94215 |
|
| 245 | 1 | 0 |
_aJava concepts / _cCay Horstmann, San Jose State University. |
| 250 | _aFourth edition. | ||
| 264 | 1 |
_aHoboken, NJ : _bJohn Wiley & Sons, Inc., _c[2005] |
|
| 264 | 4 | _cc2005 | |
| 300 |
_axxxi, 954 pages : _billustrations (some color) ; _c24 cm |
||
| 336 |
_2rdacontent _atext _btxt |
||
| 337 |
_2rdamedia _aunmediated _bn |
||
| 338 |
_2rdacarrier _avolume _bnc |
||
| 500 | _aIncludes appendices. | ||
| 500 | _aIncludes glossary. | ||
| 500 | _aIncludes index. | ||
| 650 | 7 |
_aJava (Computer program language) _2BUEsh |
|
| 650 | 7 |
_aElectronic data processing. _2BUEsh |
|
| 653 |
_bCOMSCI _cMay2021 |
||
| 655 |
_vReading book _934232 |
||
| 856 | 4 | 2 |
_3Publisher description _uhttp://www.loc.gov/catdir/enhancements/fy0626/2005276259-d.html |
| 856 | 4 | 1 |
_3Table of contents only _uhttp://www.loc.gov/catdir/enhancements/fy0626/2005276259-t.html |
| 856 | 4 | 2 |
_3Contributor biographical information _uhttp://www.loc.gov/catdir/enhancements/fy0704/2005276259-b.html |
| 906 |
_a7 _bcbc _ccopycat _d2 _encip _f20 _gy-gencatlg |
||
| 942 |
_2ddc _cBB |
||